000 00593nam a2200217#a 4500
001 01627
003 HDC
007 ta
008 230623s2008 xx 000 0 eng d
040 _aHDC
050 _aDS596
_b.S85 2008.
245 0 _aSultan Abdul Hamid College centenary :
_b1908-2008.
264 _aKuala Lumpur :
_bSAHOCA Kuala Lumpur & Selangor,
_c2008.
300 _a various paging. :
_b ill. ,
_c 26cm.
650 _aStudents
_zKedah
_xBiography.
710 _aHalal Industry Development Corporation.
942 _2lcc
942 _cBK
942 _kDS596
942 _m.S85 2008.
999 _c23193
_d23193